LEADER 00854nam a2200229 i 4500 001 000000250084 003 CaOOAMICUS 005 20160712000000.0 008 160712s1995 it u000 u ita u 013 $a228989 040 $aSeMil$bita 245 10$aGente di Bretagna. 260 $aMilano :$bFabbri,$c1995. 300 $a16 p., 27 p. di tav. :$bill. ;$c31 cm. 490 0 $aGli impressionisti e la pittura dell'800 773 0 $tGauguin.$dMilano : Fabbri, 1995.$g1$w()33258 830 4$aGli impressionisti e la pittura dell'800.$0(OLS)http://semarc/title/45003 850 $aSeMil 852 $aSeMil$W1$xVenegono$y1$m5F XVI 52/1$j200430$B200430$CSeMilBibl$Z2$F213277 $81 961 $aOmaggio: Sagramoso Guido 996 $6245$aGente di Bretagna$9(OLS)http://semarc/title/352297 996 $6260$aMilano :$bFabbri$9(OLS)http://semarc/publisher/30054 LEADER 01274nam a2200277 i 4500 001 000000051525 003 CaOOAMICUS 005 20130919000000.0 008 130919s1978 it u000 u ita u 013 $a22697 040 $aSeMil$bita 100 1 $aBalducci, Ernesto,$c.$0(OLS)http://semarc/name/2370 245 10$aDio in pubblico :$bil dibattito su fede e politica in Italia /$cErnesto Balducci ... [et al.] ; a cura di Giovanni Bianchi ; Bibliografia a cura di Renzo Salvi. 260 $aBrescia :$bQueriniana,$ccopyr. 1978. 300 $a366 p. ;$c20 cm. 490 0 $aGiornale di teologia ;$v107 500 $aContiene : Bibliografia. 650 4$aFede e politica.$0(OLS)http://semarc/subject/2636 700 1 $aSalvi, Renzo.$0(OLS)http://semarc/name/25468 700 1 $aBianchi, Giovanni,$d<1939-2017>.$0(OLS)http://semarc/name/90626 830 0$aGiornale di teologia ;$v107.$0(OLS)http://semarc/title/419620 850 $aSeMil 852 $aSeMil$W1$xVenegono$y1$m2XA G 107$j236855$B17680$CSeMilBibl$Z2$F17681 $81 961 $aAcquisto: Casa editrice 996 $6245$aDio in pubblico :$bil dibattito su fede e politica in Italia$9(OLS)http://semarc/title/78944 996 $6260$aBrescia :$bQueriniana$9(OLS)http://semarc/publisher/29615